[Event "VI Weekend A"]
[Site "Erba ITA"]
[Date "2012.03.11"]
[Round "4"]
[White "Villa, Giorgio"]
[Black "Guerra, Alessandro"]
[Result "1/2-1/2"]
[WhiteElo "1954"]
[BlackElo "2194"]
[PlyCount "112"]
[EventDate "2012.03.09"]

1. d4 Nf6 2. Nf3 e6 3. c4 b6 4. g3 Bb7 5. Bg2 d6 6. O-O Nbd7 7. Nc3 Ne4 8. Qc2
Nxc3 9. Qxc3 Be7 10. b3 Bf6 11. Bb2 O-O 12. Qc2 g6 13. Rfd1 Qe7 14. Rac1 Rad8
15. Bc3 c5 16. Bb2 e5 17. dxe5 dxe5 18. Nd2 Bxg2 19. Kxg2 e4 20. Bxf6 Nxf6 21.
Nf1 Rd4 22. Rd2 Rfd8 23. Rcd1 R4d6 24. e3 Rd3 25. Rxd3 exd3 26. Qb2 Ng4 27. Qd2
f5 28. f3 Ne5 29. Qc3 g5 30. Kf2 Qg7 31. Kg2 g4 32. f4 Qb7+ 33. Kg1 Nf3+ 34.
Kf2 Qd7 35. Nd2 Nxh2 36. Qe5 Nf3 37. Nxf3 gxf3 38. Kxf3 Qb7+ 39. e4 fxe4+ 40.
Qxe4 Qf7 41. g4 d2 42. f5 Rd4 43. Qe6 Qxe6 44. fxe6 Kg7 45. g5 Rd6 46. Ke4 Kf8
47. Ke5 Ke7 48. Kf5 Rd8 49. Ke5 Rd3 50. Ke4 Rg3 51. Rxd2 Kxe6 52. Rh2 Rxg5 53.
Kf3 Re5 54. Rxh7 Rf5+ 55. Ke3 Rf7 56. Rxf7 Kxf7 1/2-1/2

[Event "VI Weekend A"]
[Site "Erba ITA"]
[Date "2012.03.11"]
[Round "5"]
[White "Cattaneo, Marco"]
[Black "Bargeri, Ludovico"]
[Result "1/2-1/2"]
[WhiteElo "2000"]
[BlackElo "1922"]
[PlyCount "164"]
[EventDate "2012.03.09"]

1. d4 d5 2. c4 c6 3. Nc3 Nf6 4. Nf3 e6 5. Bg5 h6 6. Bh4 dxc4 7. e4 g5 8. Bg3 b5
9. Be2 Bb7 10. O-O Nbd7 11. Ne5 Nxe5 12. Bxe5 Rg8 13. f4 Nd7 14. Bh5 gxf4 15.
Rxf4 Nxe5 16. dxe5 Qxd1+ 17. Rxd1 Rg7 18. Rf6 Bc5+ 19. Kf1 Ke7 20. Rxh6 a5 21.
Rf6 Ba6 22. g4 Rh8 23. Ne2 b4 24. Ke1 a4 25. Rf3 Bb5 26. a3 c3 27. axb4 c2 28.
Rc1 Bxb4+ 29. Kf1 Rd8 30. Rxc2 Rd1+ 31. Kf2 Be1+ 32. Kg2 Bd3 33. Rxd3 Rxd3 34.
Rxc6 Re3 35. Kf1 Bb4 36. Ra6 a3 37. bxa3 Rxa3 38. Rb6 Bc5 39. Rb7+ Kd8 40. Kg2
Ra7 41. Rb3 Ra2 42. Kf3 Ra3 43. Rxa3 Bxa3 44. h4 Rh7 45. Ke3 Be7 46. Nd4 Bxh4
47. Nf3 Be7 48. Kf4 Ke8 49. Ng5 Bxg5+ 50. Kxg5 Ke7 51. Kf4 Kf8 52. Kg3 Kg7 53.
Kh3 Rh8 54. Kg3 Rb8 55. g5 Rb3+ 56. Kf4 Rh3 57. Bg4 Rh8 58. Be2 Kg6 59. Bf3
Rh4+ 60. Bg4 Rh1 61. Be2 Rg1 62. Bg4 Rg2 63. Kf3 Rg1 64. Kf4 Rf1+ 65. Bf3 Rf2
66. Kg3 Rf1 67. Kf4 Rg1 68. Bg4 Rg2 69. Kf3 Kxg5 70. Bxe6 fxe6 71. Kxg2 Kf4 72.
Kf2 Kxe4 73. Ke2 Kxe5 74. Ke3 Kd5 75. Kd3 e5 76. Ke3 e4 77. Ke2 Kd4 78. Kd2 e3+
79. Ke2 Ke4 80. Ke1 Kd3 81. Kd1 e2+ 82. Ke1 Ke3 1/2-1/2

[Event "VI Weekend A"]
[Site "Erba ITA"]
[Date "2012.03.11"]
[Round "5"]
[White "Cocconcelli, Lorenzo"]
[Black "Negro, Roberto"]
[Result "1/2-1/2"]
[WhiteElo "1964"]
[BlackElo "2129"]
[PlyCount "83"]
[EventDate "2012.03.09"]

1. d4 f5 2. c4 Nf6 3. Nf3 g6 4. g3 Bg7 5. Bg2 O-O 6. Nc3 d6 7. O-O c6 8. d5 e5
9. dxe6 Bxe6 10. b3 Qe7 11. Bb2 Na6 12. Re1 Nc5 13. Ng5 Ng4 14. Nxe6 Qxe6 15.
Qd2 Ne4 16. Nxe4 Bxb2 17. Qxb2 fxe4 18. f3 Ne3 19. Qd2 Nxg2 20. Kxg2 Rf5 21.
Qd4 Re5 22. Rf1 a5 23. Rad1 d5 24. cxd5 exf3+ 25. exf3 Rxd5 26. Qe4 Re5 27. Qd4
a4 28. Qb6 Re8 29. bxa4 Qxa2+ 30. Rf2 Re2 31. Rdf1 Qxa4 32. Qxb7 Qc2 33. Qd7
Qc4 34. Rxe2 Rxe2+ 35. Rf2 Rxf2+ 36. Kxf2 Qc2+ 37. Kg1 Qc5+ 38. Kg2 Qd5 39.
Qxd5+ cxd5 40. Kf2 Kf7 41. Ke3 Ke6 42. Kd4 1/2-1/2

[Event "VI Weekend A"]
[Site "Erba ITA"]
[Date "2012.03.11"]
[Round "5"]
[White "Dokic, Zoran"]
[Black "Sbarra, Marco"]
[Result "1/2-1/2"]
[WhiteElo "2233"]
[BlackElo "2305"]
[PlyCount "128"]
[EventDate "2012.03.09"]

1. d4 Nf6 2. Nc3 d5 3. Bg5 Bf5 4. f3 c6 5. g4 Bg6 6. Nh3 Nbd7 7. e3 Qc7 8. Nf4
e5 9. Nxg6 hxg6 10. Qd2 exd4 11. exd4 Bd6 12. O-O-O O-O-O 13. h4 Rde8 14. Kb1
Nh7 15. Be3 Ndf8 16. Bd3 Ne6 17. Ne2 Nf6 18. c4 dxc4 19. Bxc4 Kb8 20. Rc1 Qe7
21. Nf4 Nc7 22. Bf2 Qd7 23. Nd3 Ncd5 24. Rhe1 Nb6 25. Bb3 Rxe1 26. Rxe1 Re8 27.
a3 Rxe1+ 28. Qxe1 Nfd5 29. Bg3 Nc8 30. Nc5 Qc7 31. Bxd6 Qxd6 32. Qe8 Qe7 33.
Qg8 b6 34. Ne4 f5 35. Bxd5 cxd5 36. Nc3 fxg4 37. fxg4 Qxh4 38. Qxg7 Qe1+ 39.
Ka2 Qe6 40. Nb5 Qc6 41. Qe5+ Kb7 42. Nc3 Qc4+ 43. Kb1 Qd3+ 44. Kc1 Qf1+ 45. Kc2
Qg2+ 46. Kb3 Qxg4 47. Qxd5+ Kb8 48. Nb5 Qf5 49. Qc6 Qf4 50. d5 a6 51. Nc3 Qd6
52. Qc4 b5 53. Qe4 Ne7 54. Qg2 Nf5 55. Ka2 Ne7 56. Qg5 Kb7 57. Ka1 Nf5 58. Kb1
Qg3 59. Qd8 Qd6 60. Qg8 Ne7 61. Qf7 Qe5 62. Qe8 Qf5+ 63. Ka1 Nxd5 64. Nxd5 Qxd5
1/2-1/2

[Event "VI Weekend A"]
[Site "Erba ITA"]
[Date "2012.03.11"]
[Round "5"]
[White "Drazic, Sinisa"]
[Black "Rambaldi, Francesco"]
[Result "1/2-1/2"]
[WhiteElo "2536"]
[BlackElo "2222"]
[PlyCount "70"]
[EventDate "2012.03.09"]

1. d4 Nf6 2. Nf3 g6 3. Bg5 Bg7 4. Nbd2 d5 5. c3 O-O 6. e3 Nbd7 7. Be2 c5 8. O-O
Qc7 9. Bf4 Qb6 10. Qb3 c4 11. Qc2 Nh5 12. b3 Nxf4 13. exf4 cxb3 14. axb3 Qd6
15. g3 e6 16. b4 f6 17. Rfd1 Qc7 18. Qb3 Nb6 19. Ra5 Bd7 20. Rda1 a6 21. b5
axb5 22. Rxa8 Rxa8 23. Rxa8+ Nxa8 24. Bxb5 Bc6 25. h4 Qb6 26. Bxc6 Qxc6 27. Ne1
Nb6 28. Nc2 Bf8 29. Ne3 Kg7 30. h5 Na4 31. hxg6 hxg6 32. Nb1 Bd6 33. Kf1 Bc7
34. Qb4 Bd6 35. Qb3 Bc7 1/2-1/2

[Event "VI Weekend A"]
[Site "Erba ITA"]
[Date "2012.03.11"]
[Round "5"]
[White "Gagliardi, Christian"]
[Black "Stips, Felix"]
[Result "1/2-1/2"]
[WhiteElo "2233"]
[BlackElo "2212"]
[PlyCount "71"]
[EventDate "2012.03.09"]

1. e4 d5 2. exd5 Qxd5 3. Nc3 Qd6 4. d4 Nf6 5. Nf3 c6 6. Ne5 Nbd7 7. Nc4 Qc7 8.
g3 Nb6 9. Bf4 Qd8 10. Qd2 Nfd5 11. Nxb6 axb6 12. Bg2 Nxf4 13. Qxf4 e6 14. O-O
Bd6 15. Qe3 O-O 16. Ne4 Be7 17. c4 Ra4 18. b3 Ra5 19. Rfd1 Re8 20. a4 Bb4 21.
Rac1 Qe7 22. f4 Rd8 23. Kh1 Bd7 24. Bf3 Be8 25. Kg2 f6 26. Nf2 Bf7 27. Nd3 Bd6
28. Re1 Re8 29. d5 Qc7 30. dxc6 bxc6 31. Be4 g6 32. Qf3 Rc8 33. Qd1 Rd8 34. Qf3
Rc8 35. Qf2 Re8 36. Qf3 1/2-1/2

[Event "VI Weekend A"]
[Site "Erba ITA"]
[Date "2012.03.11"]
[Round "5"]
[White "Guerra, Alessandro"]
[Black "Schneider, Antonio"]
[Result "1-0"]
[WhiteElo "2194"]
[BlackElo "1962"]
[PlyCount "57"]
[EventDate "2012.03.09"]

1. d4 g6 2. e4 Bg7 3. Nc3 d6 4. Be3 Nd7 5. g4 Nb6 6. Be2 Nf6 7. g5 Nfd7 8. f4
e6 9. Nf3 c6 10. Qd2 d5 11. e5 h5 12. gxh6 Bxh6 13. h4 Nc4 14. Bxc4 dxc4 15.
Ne4 Bf8 16. O-O-O b5 17. Nfg5 Be7 18. h5 gxh5 19. Qe2 h4 20. Qe1 h3 21. Bd2 a5
22. f5 Nb8 23. fxe6 Bxe6 24. Nxe6 fxe6 25. Qg3 Qc8 26. Qg7 Rf8 27. Bg5 Bxg5+
28. Qxg5 Ra7 29. Nd6+ 1-0

[Event "VI Weekend A"]
[Site "Erba ITA"]
[Date "2012.03.11"]
[Round "5"]
[White "Laketic, Gojko"]
[Black "Pace, Pietro Dario"]
[Result "1-0"]
[WhiteElo "2438"]
[BlackElo "2280"]
[PlyCount "103"]
[EventDate "2012.03.09"]

1. d4 Nf6 2. Nf3 g6 3. c4 Bg7 4. Nc3 d5 5. Bg5 Ne4 6. cxd5 Nxg5 7. Nxg5 e6 8.
Nf3 exd5 9. g3 O-O 10. Bg2 c6 11. O-O Re8 12. e3 a5 13. Ne1 Na6 14. a3 Bf5 15.
Rc1 h5 16. Qb3 b5 17. a4 b4 18. Ne2 Qd7 19. Nf4 Bf8 20. Ned3 Bd6 21. h4 Kg7 22.
Rfe1 Rac8 23. Bf1 Nb8 24. Qd1 Qe7 25. Bh3 Bxh3 26. Nxh3 Nd7 27. Qf3 Nf6 28. Nc5
Ne4 29. Nb3 c5 30. dxc5 Bxc5 31. Nf4 Bd6 32. Nxa5 Qf6 33. Rxc8 Rxc8 34. Qe2 Ra8
35. Nxd5 Qf5 36. Nc4 Qxd5 37. Nb6 Qc6 38. Nxa8 Qxa8 39. Ra1 Qa5 40. Qb5 Qa7 41.
Qd5 f5 42. Qd4+ Qxd4 43. exd4 Bb8 44. a5 Nd6 45. Ra4 Kf6 46. Rxb4 Ba7 47. Kg2
Ke6 48. Kf3 Kd5 49. a6 Nc8 50. Kf4 Bxd4 51. Rxd4+ Kxd4 52. Kg5 1-0

[Event "VI Weekend A"]
[Site "Erba ITA"]
[Date "2012.03.11"]
[Round "5"]
[White "Massironi, Marco"]
[Black "Moroni, Luca jr"]
[Result "1-0"]
[WhiteElo "2213"]
[BlackElo "2064"]
[PlyCount "51"]
[EventDate "2012.03.09"]

1. e4 c5 2. Nf3 d6 3. d4 cxd4 4. Nxd4 Nf6 5. Nc3 a6 6. Bg5 e6 7. Qe2 Be7 8. f4
Nbd7 9. O-O-O Qc7 10. Kb1 h6 11. Bh4 Qa5 12. g4 Nc5 13. Bg2 Qb6 14. e5 dxe5 15.
fxe5 Nfe4 16. Nxe4 Nxe4 17. Qxe4 Bxh4 18. Rd3 Be7 19. Nc6 Qc7 20. Nxe7 Qxe7 21.
h4 O-O 22. g5 h5 23. Rhd1 Ra7 24. Qf3 g6 25. Qf6 b5 26. Rd8 1-0

[Event "VI Weekend A"]
[Site "Erba ITA"]
[Date "2012.03.11"]
[Round "5"]
[White "Pucovski, Miroslav"]
[Black "Medici, Simone"]
[Result "1-0"]
[WhiteElo "2305"]
[BlackElo "2131"]
[PlyCount "85"]
[EventDate "2012.03.09"]

1. d4 d5 2. Bf4 Nf6 3. e3 g6 4. Nf3 Bg7 5. Be2 O-O 6. O-O Nbd7 7. h3 b6 8. c4
e6 9. Nc3 c6 10. Qc2 Bb7 11. Rfd1 Qe7 12. e4 dxe4 13. Nxe4 Nxe4 14. Qxe4 Rfe8
15. Qc2 Rad8 16. Bc7 Rc8 17. Bg3 c5 18. dxc5 Nxc5 19. Bd6 Be4 20. Qd2 Qb7 21.
Rac1 Red8 22. b3 Bf8 23. Qf4 Rxd6 24. Rxd6 Qc7 25. Rcd1 Rd8 26. Qxf7+ Qxf7 27.
Rxd8 Bxf3 28. Bxf3 a5 29. Rb8 Qc7 30. Rdd8 Nd7 31. Rbc8 Qd6 32. Bc6 Qd1+ 33.
Kh2 Qd6+ 34. g3 Qc5 35. Rxd7 Qxf2+ 36. Bg2 Qxa2 37. Rdd8 Qxb3 38. Rxf8+ Kg7 39.
Rf3 Qb4 40. Rc7+ Kg8 41. Rd3 Qf8 42. Ra7 Qf6 43. Rdd7 1-0

[Event "VI Weekend A"]
[Site "Erba ITA"]
[Date "2012.03.11"]
[Round "5"]
[White "Quaranta, Cristiano"]
[Black "Ranfagni, Stefano"]
[Result "1/2-1/2"]
[WhiteElo "2089"]
[BlackElo "1975"]
[PlyCount "69"]
[EventDate "2012.03.09"]

1. d4 e6 2. Nf3 f5 3. d5 Be7 4. c4 Nf6 5. Nc3 O-O 6. g3 d6 7. dxe6 Bxe6 8. b3
Nc6 9. Bg2 Nd7 10. O-O Rb8 11. Nd5 Nde5 12. Nxe7+ Qxe7 13. Nd4 Nxd4 14. Qxd4
Bd7 15. Ba3 b6 16. Rfe1 Kh8 17. f4 Ng4 18. e4 fxe4 19. Rxe4 Qf6 20. Qxf6 Nxf6
21. Re2 Rbe8 22. Rae1 Rxe2 23. Rxe2 Re8 24. Rxe8+ Bxe8 25. h3 Bg6 26. Bf1 Bb1
27. b4 Ne4 28. g4 Ng3 29. c5 Nxf1 30. cxd6 cxd6 31. Kxf1 Bxa2 32. Kf2 Kg8 33.
b5 Bc4 34. Bxd6 Bxb5 35. Bb8 1/2-1/2

[Event "VI Weekend A"]
[Site "Erba ITA"]
[Date "2012.03.11"]
[Round "5"]
[White "Tarelli, Daniele"]
[Black "Boschetti, Claudio"]
[Result "0-1"]
[WhiteElo "1905"]
[BlackElo "2153"]
[PlyCount "52"]
[EventDate "2012.03.09"]

1. e4 e5 2. Nf3 Nc6 3. Bb5 a6 4. Ba4 Nf6 5. O-O Be7 6. Qe2 b5 7. Bb3 O-O 8. c3
d5 9. exd5 e4 10. dxc6 exf3 11. Qxf3 Bg4 12. Qe3 Re8 13. d4 Bd6 14. Qd2 Ne4 15.
Qd3 Qh4 16. g3 Qh3 17. Bd1 Bxd1 18. Rxd1 Nxf2 19. Kxf2 Qxh2+ 20. Kf1 Bxg3 21.
Qf3 Re6 22. Bg5 Rae8 23. Nd2 Re2 24. Ne4 R8xe4 25. Be3 R4xe3 26. Qxe3 Qg2# 0-1

[Event "VI Weekend A"]
[Site "Erba ITA"]
[Date "2012.03.11"]
[Round "5"]
[White "Villa, Giorgio"]
[Black "Gonella, Daniele"]
[Result "1/2-1/2"]
[WhiteElo "1954"]
[BlackElo "2112"]
[PlyCount "167"]
[EventDate "2012.03.09"]

1. d4 d5 2. Nf3 Nf6 3. c4 e6 4. Bg5 Be7 5. e3 O-O 6. Nc3 h6 7. Bh4 b6 8. cxd5
exd5 9. Bxf6 Bxf6 10. Be2 Bb7 11. O-O Re8 12. Qb3 a6 13. Rfd1 Qd6 14. Rac1 Nd7
15. Rd2 g6 16. Rdc2 Nf8 17. Bf1 Bg7 18. Ne1 Re7 19. Nd3 Ne6 20. Nb4 Rd7 21. Qa4
c5 22. dxc5 bxc5 23. Nd3 c4 24. Ne1 Bc6 25. Qa5 d4 26. exd4 Nxd4 27. Rd1 Qf4
28. Ne2 Nxe2+ 29. Bxe2 Bd5 30. Nf3 Bxf3 31. Bxf3 Rad8 32. Re1 Be5 33. g3 Qxf3
34. Qxe5 Rd1 35. Rce2 R8d2 36. Rxd1 Rxd1+ 37. Re1 Rd2 38. Qb8+ Kh7 39. Qb6 h5
40. h4 a5 41. a3 g5 42. hxg5 Rd1 43. Qh6+ Kg8 44. Rxd1 Qxd1+ 45. Kg2 Qd5+ 46.
Kg1 Qd4 47. Kh2 Qd2 48. Qf6 a4 49. g6 fxg6 50. Qxg6+ Kf8 51. Qf6+ Kg8 52. Kg2
Qd5+ 53. Qf3 Qd2 54. Qc3 Qd5+ 55. Kh2 Qd1 56. Qb4 Qf1 57. Qc5 Kg7 58. Qg5+ Kf8
59. Qf6+ Ke8 60. Qc6+ Ke7 61. Qg2 Qe1 62. f4 Qc1 63. Qe2+ Kf8 64. Qf2 Kg8 65.
Qd4 Qc2+ 66. Kg1 Kf7 67. Qc3 Qd1+ 68. Kf2 Qd5 69. Ke3 Kg6 70. Qd4 Qb5 71. Qd6+
Kf5 72. Qf8+ Kg4 73. Qg7+ Kh3 74. Kf2 Qd5 75. Qc3 Qg2+ 76. Ke3 Qxg3+ 77. Kd4
Qxc3+ 78. Kxc3 Kg4 79. f5 h4 80. f6 h3 81. f7 h2 82. f8=Q h1=Q 83. Kd4 Qd1+ 84.
Kxc4 1/2-1/2